| 000 | 00599cas a22002055a 4500 | ||
|---|---|---|---|
| 001 | L6 | ||
| 008 | 070703c1967 xxkmr p 0 a0eng | ||
| 022 | 0 | _a0034-3404 | |
| 035 | _a(Sirsi) u99106 | ||
| 041 | 1 | _aeng | |
| 110 | 2 |
_aRegional Studies Association _95252 |
|
| 245 | 0 | 0 |
_aRegional Studies _bJournal of the Regional Studies Association |
| 260 |
_aCambridge, MA _bCarfax Publishing Company _c1967- |
||
| 362 | _a31(4) June 1997-36(9) December 2002 | ||
| 554 | _aNine per year | ||
| 651 | 4 | _aInternational | |
| 690 |
_aPlanning and development _96259 |
||
| 942 | _n0 | ||
| 948 | _c03/02/1994 | ||
| 999 |
_c118656 _d118656 |
||